000 00738cab a2200253 4500
001 WB3140-24
008 090401t1995 xxu||||| |||| 00| 0 eng d
035 _a(Sirsi) u9120
041 _aeng
245 _aMine gas family fight for damages
260 _c1995
350 _a0
490 _aSunday Telegraph
_v22 October 1995, 21(1)
520 _aA family who lost their home and are in debt after a methane gas leak from underground coal workings are fighting to take their case to court.
650 _aCOAL MINING
650 _aCOAL WORKINGS
650 _aCOMPENSATION
650 _aMETHANE GAS
650 _aRECLAIMED LAND
650 _aRESIDENTIAL PROPERTY
_96266
690 _aLAND
942 _n0
948 _c04/03/1997
999 _c5653
_d5653